[Event "Kronborg Chess Open 2023 Master1"]
[Site "Helsingor"]
[Date "2023.05.18"]
[Round "1"]
[White "Skytte, Rasmus"]
[Black "Ostensen, Nicolai Maxime"]
[Result "1/2-1/2"]
[WhiteElo "2356"]
[BlackElo "2215"]
[PlyCount "61"]
[EventDate "2023.05.18"]
[EventType "tourn"]
[EventRounds "7"]
[EventCountry "DEN"]
[SourceTitle "Turneringssystemet"]

1. d4 Nf6 2. c4 d6 3. Nc3 Nbd7 4. Nf3 e5 5. Bg5 h6 6. Bh4 Be7 7. e3 O-O 8. Be2
exd4 9. Nxd4 Ne5 10. O-O Bd7 11. Qc2 Nd5 12. Bxe7 Nxe7 13. Rad1 a6 14. h3 Qb8
15. f4 N5c6 16. f5 f6 17. c5 dxc5 18. Nb3 Qc8 19. Nxc5 Bxf5 20. Bc4+ Kh8 21. e4
Ne5 22. exf5 Nxc4 23. Qe4 Ne5 24. Ne2 b6 25. Ne6 Rg8 26. N2f4 c5 27. Rd6 Rb8
28. Rfd1 Qb7 29. Qc2 c4 30. Kh1 Rbc8 31. Nh5 1/2-1/2

[Event "Kronborg Chess Open 2023 Master1"]
[Site "Helsingor"]
[Date "2023.05.18"]
[Round "1"]
[White "Larsen, Ole Bogh"]
[Black "Svendsen, Mads O"]
[Result "1-0"]
[WhiteElo "2205"]
[BlackElo "2102"]
[PlyCount "49"]
[EventDate "2023.05.18"]
[EventType "tourn"]
[EventRounds "7"]
[EventCountry "DEN"]
[SourceTitle "Turneringssystemet"]

1. e4 c5 2. Nf3 d6 3. d4 cxd4 4. Nxd4 Nf6 5. Nc3 a6 6. Bg5 e6 7. f4 Be7 8. Qf3
Nc6 9. Nxc6 bxc6 10. O-O-O d5 11. Bd3 d4 12. e5 dxc3 13. exf6 Qb6 14. bxc3 gxf6
15. Bh4 Bb7 16. Bf2 Qa5 17. Kd2 Rd8 18. Rb1 Rd7 19. Rb6 Bd8 20. Rb4 Be7 21. Rb6
Bd8 22. Rb3 O-O 23. Rhb1 Ba8 24. Rb8 Bc7 25. Qg4+ 1-0

[Event "Kronborg Chess Open 2023 Master1"]
[Site "Helsingor"]
[Date "2023.05.18"]
[Round "1"]
[White "Bergsson, Stefan"]
[Black "Thorsbro, Peter"]
[Result "0-1"]
[WhiteElo "2186"]
[BlackElo "2165"]
[PlyCount "52"]
[EventDate "2023.05.18"]
[EventType "tourn"]
[EventRounds "7"]
[EventCountry "DEN"]
[SourceTitle "Turneringssystemet"]

1. c4 c5 2. Nc3 g6 3. g3 Bg7 4. Bg2 Nc6 5. e4 e6 6. Nge2 Nge7 7. d3 O-O 8. O-O
d6 9. Rb1 Rb8 10. a3 b6 11. b4 Bb7 12. Be3 Qd7 13. Qd2 Rfd8 14. Bh6 Bh8 15. g4
Ne5 16. h3 f5 17. gxf5 exf5 18. Ng3 fxe4 19. Ncxe4 Nf5 20. Bg5 Rf8 21. f4 Nxg3
22. Nxg3 Nf7 23. Bh4 Bd4+ 24. Kh2 d5 25. bxc5 dxc4 26. dxc4 Bg1+ 0-1

[Event "Kronborg Chess Open 2023 Master1"]
[Site "Helsingor"]
[Date "2023.05.18"]
[Round "1"]
[White "Nilsson, Patrik"]
[Black "Liu, Zhaoqi"]
[Result "0-1"]
[WhiteElo "2191"]
[BlackElo "2347"]
[PlyCount "98"]
[EventDate "2023.05.18"]
[EventType "tourn"]
[EventRounds "7"]
[EventCountry "DEN"]
[SourceTitle "Turneringssystemet"]

1. e4 e6 2. d4 d5 3. exd5 exd5 4. Nf3 Nf6 5. Bd3 c5 6. Bb5+ Nc6 7. O-O Be7 8.
dxc5 O-O 9. Nbd2 Bxc5 10. Nb3 Qb6 11. Be2 d4 12. Nxc5 Qxc5 13. a3 Bf5 14. Bd3
Bg4 15. Bf4 Rfe8 16. h3 Bh5 17. g4 Nxg4 18. hxg4 Bxg4 19. Kg2 Ne5 20. Be2 Ng6
21. Bg3 h5 22. Re1 Qc6 23. c3 d3 24. Qxd3 Rad8 25. Qc2 h4 26. Rad1 Rxd1 27.
Qxd1 hxg3 28. fxg3 Qe4 29. Kf1 Bh3+ 30. Kg1 Qe3+ 31. Kh2 Bg4 32. Bf1 Qh6+ 33.
Kg2 Ne5 34. Be2 Nxf3 35. Bxf3 Qh3+ 36. Kf2 Qh2+ 37. Bg2 Bxd1 38. Rxe8+ Kh7 39.
Re1 Qh6 40. Rxd1 Qb6+ 41. Kf1 Qxb2 42. Kg1 Qxc3 43. Kh2 Qxa3 44. Rd7 b5 45.
Rxf7 Qa2 46. Rb7 a6 47. Re7 Kg6 48. Kh3 Kf6 49. Ra7 b4 0-1

[Event "Kronborg Chess Open 2023 Master1"]
[Site "Helsingor"]
[Date "2023.05.18"]
[Round "2"]
[White "Skytte, Rasmus"]
[Black "Larsen, Ole Bogh"]
[Result "1-0"]
[WhiteElo "2356"]
[BlackElo "2205"]
[PlyCount "77"]
[EventDate "2023.05.18"]
[EventType "tourn"]
[EventRounds "7"]
[EventCountry "DEN"]
[SourceTitle "Turneringssystemet"]

1. d4 Nf6 2. c4 g6 3. Nc3 d5 4. Nf3 Bg7 5. Bg5 Ne4 6. Bf4 Nxc3 7. bxc3 dxc4 8.
e3 Be6 9. Qb1 b6 10. Ng5 Bd5 11. e4 h6 12. Nf3 Be6 13. Be5 O-O 14. Bxg7 Kxg7
15. d5 Bd7 16. Bxc4 c6 17. O-O Qc7 18. Qb2 cxd5 19. Bxd5 Nc6 20. c4+ Kh7 21.
Rac1 Rab8 22. h3 Na5 23. Ne5 e6 24. Ng4 h5 25. Nf6+ Kh6 26. Qd2+ Kg7 27. Qc3
Kh6 28. Qe3+ Kg7 29. Nxh5+ gxh5 30. Qg5+ Kh7 31. Qxh5+ Kg7 32. Qg5+ Kh7 33. e5
exd5 34. cxd5 Nc4 35. Rc3 Qxe5 36. Qh4+ Kg6 37. Rg3+ Qxg3 38. fxg3 Rfc8 39.
Qf6+ 1-0

[Event "Kronborg Chess Open 2023 Master1"]
[Site "Helsingor"]
[Date "2023.05.18"]
[Round "2"]
[White "Svendsen, Mads O"]
[Black "Bergsson, Stefan"]
[Result "1/2-1/2"]
[WhiteElo "2102"]
[BlackElo "2186"]
[PlyCount "186"]
[EventDate "2023.05.18"]
[EventType "tourn"]
[EventRounds "7"]
[EventCountry "DEN"]
[SourceTitle "Turneringssystemet"]

1. e4 c5 2. Nf3 Nc6 3. d4 cxd4 4. Nxd4 e5 5. Nb5 d6 6. N1c3 a6 7. Na3 Be7 8.
Nd5 Nf6 9. Nxe7 Nxe7 10. Bd3 d5 11. exd5 Nexd5 12. O-O O-O 13. Bg5 h6 14. Bh4
Re8 15. Re1 b5 16. c3 Bb7 17. Bf1 Qb6 18. Qb3 Nf4 19. c4 Ne4 20. cxb5 Qg6 21.
Rad1 axb5 22. Bg3 Ng5 23. Qxb5 Nfh3+ 24. Kh1 Rab8 25. Rxe5 Rec8 26. Rxg5 hxg5
27. Bxb8 Nxf2+ 28. Kg1 Nxd1 29. Qxb7 Qf5 30. Ba7 g4 31. Bd3 Re8 32. Qb5 Re1+
33. Bf1 Qe4 34. Qa5 Qe2 35. Qf5 g6 36. Qf6 Ne3 37. Bxe3 Qxe3+ 38. Qf2 Qc1 39.
Nb5 Rd1 40. Qe2 Re1 41. Qd3 Qc5+ 42. Qd4 Qxb5 43. Qd8+ Kg7 44. Qd4+ Kh7 45. Qf2
Qe5 46. Qxf7+ Kh6 47. Qf8+ Kg5 48. Qf2 Re4 49. Qd2+ Qf4 50. Qd8+ Kh6 51. Qh8+
Kg5 52. Qd8+ Kh6 53. Qh8+ Kg5 54. Qd8+ Kf5 55. Qf8+ Ke5 56. Qe7+ Kf5 57. Qf7+
Kg5 58. Qd5+ Kh6 59. Qd8 Qe3+ 60. Kh1 Rf4 61. Qh8+ Kg5 62. Qd8+ Rf6 63. Qd5+
Kh6 64. Qd1 Qf2 65. Bc4 Rd6 66. Qc1+ Rd2 67. Bf1 Kh5 68. b3 Rxa2 69. Qb1 Rb2
70. Qd1 Rd2 71. Qa1 Rb2 72. Qd1 Qd2 73. Qxd2 Rxd2 74. g3 Rb2 75. Bc4 Kg5 76.
Be6 Re2 77. Bc4 Re3 78. Kg2 Kf5 79. h4 Ke5 80. Kf2 Rf3+ 81. Kg2 Kd4 82. Be6 Ke5
83. Bxg4 Rxb3 84. Bd7 Ke4 85. Bc6+ Ke3 86. Be8 Rb6 87. Bf7 Rf6 88. Be8 Ke2 89.
g4 Ke3 90. g5 Rf2+ 91. Kg3 Rf3+ 92. Kg4 Rf4+ 93. Kg3 Rf3+ 1/2-1/2

[Event "Kronborg Chess Open 2023 Master1"]
[Site "Helsingor"]
[Date "2023.05.18"]
[Round "2"]
[White "Thorsbro, Peter"]
[Black "Nilsson, Patrik"]
[Result "1-0"]
[WhiteElo "2165"]
[BlackElo "2191"]
[PlyCount "63"]
[EventDate "2023.05.18"]
[EventType "tourn"]
[EventRounds "7"]
[EventCountry "DEN"]
[SourceTitle "Turneringssystemet"]

1. d4 f5 2. Bf4 Nf6 3. e3 e6 4. Bd3 b6 5. h3 Bb7 6. Nf3 Be7 7. c4 Ne4 8. Nbd2
O-O 9. Qc2 Nc6 10. a3 Nxd2 11. Nxd2 Bd6 12. Bxd6 cxd6 13. O-O Qf6 14. b4 Qg6
15. f3 Rac8 16. c5 Qg3 17. Qb2 bxc5 18. bxc5 Rb8 19. cxd6 Ne5 20. dxe5 Bxf3 21.
Rxf3 Qxf3 22. Nxf3 Rxb2 23. a4 h6 24. Bb5 Rd8 25. Rc1 g5 26. Kh2 Rb3 27. Rc7
Rxe3 28. Bxd7 Kf7 29. Bc8+ Kg6 30. Bxe6 g4 31. hxg4 fxg4 32. Bxg4 1-0

[Event "Kronborg Chess Open 2023 Master1"]
[Site "Helsingor"]
[Date "2023.05.18"]
[Round "2"]
[White "Ostensen, Nicolai Maxime"]
[Black "Liu, Zhaoqi"]
[Result "0-1"]
[WhiteElo "2215"]
[BlackElo "2347"]
[PlyCount "94"]
[EventDate "2023.05.18"]
[EventType "tourn"]
[EventRounds "7"]
[EventCountry "DEN"]
[SourceTitle "Turneringssystemet"]

1. c4 Nf6 2. Nc3 c5 3. g3 g6 4. Bg2 Bg7 5. Nh3 h5 6. Nf4 h4 7. e3 Nc6 8. d3 d6
9. Qe2 h3 10. Bf1 a6 11. f3 b5 12. g4 bxc4 13. dxc4 Ne5 14. Rg1 Nfd7 15. Bd2 a5
16. Rg3 a4 17. Rb1 Nb6 18. b3 axb3 19. axb3 Ba6 20. Qd1 e6 21. Ne4 Bb7 22. Qc2
O-O 23. Be2 Rc8 24. g5 Bxe4 25. Qxe4 d5 26. Qc2 Nc6 27. Rxh3 Qxg5 28. Kf2 Nd4
29. Qd3 Nxe2 30. Nxe2 dxc4 31. bxc4 Rfd8 32. Qc2 Nxc4 33. Rg1 Qf5 34. Qxf5 exf5
35. Bc1 Ne5 36. Nf4 c4 37. Rhg3 Ra8 38. R3g2 Nd3+ 39. Nxd3 cxd3 40. Bd2 Ra2 41.
Rd1 Rc8 42. e4 f4 43. Ke1 Rcc2 44. h3 Bc3 45. Rh2 Kh7 46. h4 Rxd2 47. Rhxd2 f6
0-1

[Event "Kronborg Chess Open 2023 Master1"]
[Site "Helsingor"]
[Date "2023.05.19"]
[Round "3"]
[White "Bergsson, Stefan"]
[Black "Skytte, Rasmus"]
[Result "1/2-1/2"]
[WhiteElo "2186"]
[BlackElo "2356"]
[PlyCount "54"]
[EventDate "2023.05.18"]
[EventType "tourn"]
[EventRounds "7"]
[EventCountry "DEN"]
[SourceTitle "Turneringssystemet"]

1. Nf3 d5 2. g3 Nf6 3. Bg2 c6 4. O-O Bg4 5. h3 Bh5 6. b3 e6 7. Bb2 Nbd7 8. d3
Bd6 9. Nbd2 O-O 10. e4 e5 11. Re1 Re8 12. Nf1 a5 13. a3 dxe4 14. dxe4 Nc5 15.
N1d2 b5 16. Qe2 Qc7 17. Qe3 Ne6 18. Ng5 Nxg5 19. Qxg5 Bc5 20. Nf3 h6 21. Qd2
Rad8 22. Qe2 Bd4 23. c3 Bc5 24. Bc1 b4 25. axb4 axb4 26. Qc4 Qd6 27. Be3 Bxe3
1/2-1/2

[Event "Kronborg Chess Open 2023 Master1"]
[Site "Helsingor"]
[Date "2023.05.19"]
[Round "3"]
[White "Larsen, Ole Bogh"]
[Black "Ostensen, Nicolai Maxime"]
[Result "0-1"]
[WhiteElo "2205"]
[BlackElo "2215"]
[PlyCount "120"]
[EventDate "2023.05.18"]
[EventType "tourn"]
[EventRounds "7"]
[EventCountry "DEN"]
[SourceTitle "Turneringssystemet"]

1. e4 e5 2. Nf3 Nc6 3. Bb5 a6 4. Ba4 Nf6 5. O-O b5 6. Bb3 Be7 7. Re1 O-O 8. h3
d6 9. c3 Na5 10. Bc2 c5 11. d4 Qc7 12. Nbd2 Nc6 13. a4 Bd7 14. d5 Na5 15. b4
Nb7 16. a5 Rac8 17. Bd3 g6 18. Nf1 Rfe8 19. Ng3 Bf8 20. Bd2 Bg7 21. Nh2 Kh8 22.
Qf3 Rf8 23. Rac1 Qd8 24. h4 Ng8 25. Bg5 Bf6 26. Qe3 Kg7 27. Be2 Bxg5 28. hxg5
f6 29. gxf6+ Qxf6 30. Bg4 Bxg4 31. Nxg4 Qf4 32. Qxf4 exf4 33. Ne2 h5 34. Nh2
Rce8 35. Nf3 Kh6 36. Nd2 g5 37. f3 Nf6 38. c4 Ra8 39. Nb3 Nd7 40. cxb5 axb5 41.
Ned4 cxd4 42. Rc7 Ne5 43. Rxb7 g4 44. Nxd4 Rac8 45. Rb6 gxf3 46. Rxd6+ Kh7 47.
Nc6 Nc4 48. Rd7+ Kh6 49. gxf3 Ne3 50. Kh1 Rg8 51. Ne5 Rg3 52. Nf7+ Kg6 53. Rg1
Rc2 54. Rxg3+ fxg3 55. Nh8+ Kf6 56. e5+ Kxe5 57. Re7+ Kd4 58. Re4+ Kd3 59.
Rxe3+ Kxe3 60. d6 Kd4 0-1

[Event "Kronborg Chess Open 2023 Master1"]
[Site "Helsingor"]
[Date "2023.05.19"]
[Round "3"]
[White "Nilsson, Patrik"]
[Black "Svendsen, Mads O"]
[Result "1/2-1/2"]
[WhiteElo "2191"]
[BlackElo "2102"]
[PlyCount "70"]
[EventDate "2023.05.18"]
[EventType "tourn"]
[EventRounds "7"]
[EventCountry "DEN"]
[SourceTitle "Turneringssystemet"]

1. d4 Nf6 2. Bf4 d5 3. e3 c5 4. c3 Nc6 5. Nd2 Bf5 6. Ngf3 cxd4 7. exd4 e6 8.
Qb3 Bd6 9. Qxb7 Bxf4 10. Qxc6+ Kf8 11. Ne5 Rc8 12. Qa6 Qc7 13. Be2 Rb8 14. Rd1
Kg8 15. Nd3 Bxd3 16. Qxd3 Rxb2 17. g3 Rxd2 18. Rxd2 Bxd2+ 19. Kxd2 Ne4+ 20. Ke3
Nd6 21. h4 g6 22. h5 Kg7 23. Kf3 Rc8 24. Rc1 Qa5 25. Qe3 Nf5 26. Qe5+ Kg8 27.
g4 Rxc3+ 28. Rxc3 Qxc3+ 29. Kg2 Nh4+ 30. Kh2 Nf3+ 31. Bxf3 Qxf3 32. h6 Qxf2+
33. Kh3 Qf3+ 34. Kh2 Qf2+ 35. Kh3 Qf3+ 1/2-1/2

[Event "Kronborg Chess Open 2023 Master1"]
[Site "Helsingor"]
[Date "2023.05.19"]
[Round "3"]
[White "Liu, Zhaoqi"]
[Black "Thorsbro, Peter"]
[Result "1-0"]
[WhiteElo "2347"]
[BlackElo "2165"]
[PlyCount "65"]
[EventDate "2023.05.18"]
[EventType "tourn"]
[EventRounds "7"]
[EventCountry "DEN"]
[SourceTitle "Turneringssystemet"]

1. c4 e5 2. Nc3 Nc6 3. Nf3 Nf6 4. e4 Bc5 5. Nxe5 Nxe5 6. d4 Bb4 7. dxe5 Nxe4 8.
Qf3 Nxc3 9. bxc3 Be7 10. Qg3 g6 11. Bh6 Bf8 12. Bxf8 Kxf8 13. Rd1 Qe7 14. Be2
Kg7 15. O-O Re8 16. f4 d6 17. Rd5 Kh8 18. Bd3 Bd7 19. f5 dxe5 20. f6 Qe6 21.
Bf5 Qxf5 22. Rxf5 Bxf5 23. Rxe5 Be6 24. Re4 Rad8 25. h3 Rd1+ 26. Kh2 Rf1 27.
Rh4 Rf5 28. Qe3 g5 29. Rh5 Rg8 30. g4 Ra5 31. c5 Rxa2+ 32. Kg3 Rd8 33. Qxg5 1-0

[Event "Kronborg Chess Open 2023 Master1"]
[Site "Helsingor"]
[Date "2023.05.19"]
[Round "4"]
[White "Skytte, Rasmus"]
[Black "Nilsson, Patrik"]
[Result "1-0"]
[WhiteElo "2356"]
[BlackElo "2191"]
[PlyCount "101"]
[EventDate "2023.05.18"]
[EventType "tourn"]
[EventRounds "7"]
[EventCountry "DEN"]
[SourceTitle "Turneringssystemet"]

1. d4 f5 2. Bf4 Nf6 3. e3 e6 4. Nf3 b6 5. Bd3 Bb7 6. O-O Be7 7. c4 O-O 8. Nc3
Nh5 9. Bg3 Nxg3 10. hxg3 Bf6 11. Qc2 Nc6 12. a3 g6 13. b4 Bg7 14. Rac1 Ne7 15.
Rfd1 Rc8 16. e4 fxe4 17. Bxe4 Bxe4 18. Nxe4 Nf5 19. d5 Qe7 20. dxe6 dxe6 21. c5
h6 22. cxb6 axb6 23. Qc6 Rcd8 24. Rxd8 Rxd8 25. Qxc7 Rd1+ 26. Kh2 Qxc7 27. Rxc7
h5 28. Rc8+ Kf7 29. Nfg5+ Ke7 30. Rc6 Nh6 31. f3 Bd4 32. Rxe6+ Kd7 33. Nf6+ Kc7
34. Nd5+ Kb7 35. Nh3 Nf5 36. g4 hxg4 37. fxg4 Ng7 38. Rxg6 Be5+ 39. Ndf4 Rd4
40. g3 Rd2+ 41. Kh1 Ra2 42. Nh5 Ra1+ 43. Kg2 Ra2+ 44. Kf3 Rxa3+ 45. Ke4 Nxh5
46. gxh5 Bxg3 47. b5 Rb3 48. Rg7+ Bc7 49. Ng5 Rb4+ 50. Kd3 Rh4 51. Ne6  1-0

[Event "Kronborg Chess Open 2023 Master1"]
[Site "Helsingor"]
[Date "2023.05.19"]
[Round "4"]
[White "Larsen, Ole Bogh"]
[Black "Bergsson, Stefan"]
[Result "1/2-1/2"]
[WhiteElo "2205"]
[BlackElo "2186"]
[PlyCount "68"]
[EventDate "2023.05.18"]
[EventType "tourn"]
[EventRounds "7"]
[EventCountry "DEN"]
[SourceTitle "Turneringssystemet"]

1. e4 c5 2. Nf3 e6 3. d4 cxd4 4. Nxd4 a6 5. Bd3 Bc5 6. Nb3 Ba7 7. Qe2 Ne7 8.
Nc3 Nbc6 9. Be3 O-O 10. Bxa7 Rxa7 11. O-O b5 12. Rad1 b4 13. Na4 f5 14. exf5
Nxf5 15. Nac5 Qf6 16. Bxf5 Qxf5 17. Rd6 a5 18. Qe3 a4 19. Nd2 Qxc2 20. Nde4
Qxb2 21. Nxe6 dxe6 22. Rxc6 Ra6 23. Rc7 e5 24. Qc5 Be6 25. Ng5 Bxa2 26. Rd1
Raf6 27. Ne4 Rf4 28. g3 Qe2 29. Rxg7+ Kxg7 30. Qxe5+ R8f6 31. Rd7+ Bf7 32. Qg5+
Kf8 33. Qc5+ Kg7 34. Qg5+ Kf8 1/2-1/2

[Event "Kronborg Chess Open 2023 Master1"]
[Site "Helsingor"]
[Date "2023.05.19"]
[Round "4"]
[White "Svendsen, Mads O"]
[Black "Liu, Zhaoqi"]
[Result "0-1"]
[WhiteElo "2102"]
[BlackElo "2347"]
[PlyCount "146"]
[EventDate "2023.05.18"]
[EventType "tourn"]
[EventRounds "7"]
[EventCountry "DEN"]
[SourceTitle "Turneringssystemet"]

1. e4 e6 2. d4 d5 3. exd5 exd5 4. c4 Nf6 5. Nc3 Bb4 6. Bd3 O-O 7. Nge2 dxc4 8.
Bxc4 h6 9. O-O Nc6 10. a3 Ba5 11. Qd3 Ne7 12. Bf4 Bf5 13. Qf3 c6 14. Rad1 Bg4
15. Qg3 Nf5 16. Qd3 Nd6 17. Ba2 Bf5 18. Qf3 Bg4 19. Qg3 Bxc3 20. Bxd6 Bxe2 21.
Bxf8 Qxf8 22. Qxc3 Bxf1 23. Rxf1 Qd6 24. Qb3 Qd7 25. Re1 Nd5 26. Qf3 Rd8 27.
Bxd5 Qxd5 28. Qxd5 Rxd5 29. Re8+ Kh7 30. Re7 Rb5 31. g3 Rxb2 32. Rxf7 Rb3 33.
Kg2 a5 34. Rc7 a4 35. h4 h5 36. Kf1 Kg6 37. Ke2 Kf6 38. f3 g6 39. Kf2 Ke6 40.
g4 hxg4 41. fxg4 Rxa3 42. Rxb7 Rh3 43. Ra7 a3 44. Kg2 Rd3 45. h5 Rxd4 46. hxg6
Rxg4+ 47. Kf3 Rxg6 48. Rxa3 Ke5 49. Ra5+ Kd4 50. Ra4+ Kd3 51. Ra3+ Kc4 52. Ra4+
Kb3 53. Ra6 Re6 54. Kf4 Kb4 55. Kf5 Kb5 56. Ra1 Re3 57. Kf4 Rc3 58. Ke4 c5 59.
Rb1+ Kc4 60. Ra1 Rc2 61. Ra4+ Kb3 62. Ra8 Rd2 63. Rb8+ Kc3 64. Rc8 c4 65. Ke3
Rd7 66. Ke2 Kb3 67. Rb8+ Kc2 68. Rc8 Re7+ 69. Kf2 c3 70. Rc6 Kd2 71. Rd6+ Kc1
72. Rc6 c2 73. Rc8 Re5 0-1

[Event "Kronborg Chess Open 2023 Master1"]
[Site "Helsingor"]
[Date "2023.05.19"]
[Round "4"]
[White "Ostensen, Nicolai Maxime"]
[Black "Thorsbro, Peter"]
[Result "1-0"]
[WhiteElo "2215"]
[BlackElo "2165"]
[PlyCount "57"]
[EventDate "2023.05.18"]
[EventType "tourn"]
[EventRounds "7"]
[EventCountry "DEN"]
[SourceTitle "Turneringssystemet"]

1. e4 c6 2. d4 d5 3. exd5 cxd5 4. Bd3 Nc6 5. c3 Nf6 6. h3 g6 7. Nf3 Bg7 8. Nbd2
O-O 9. O-O a6 10. Re1 b5 11. a4 b4 12. Nb3 bxc3 13. bxc3 Nd7 14. Ba3 Re8 15.
Bf1 e5 16. dxe5 Ndxe5 17. Nxe5 Rxe5 18. Nd4 Rxe1 19. Qxe1 Nxd4 20. cxd4 Bxd4
21. Rd1 Bb6 22. Rxd5 Qxd5 23. Qe8+ Kg7 24. Bf8+ Kf6 25. Qe7+ Kf5 26. g4+ Kf4
27. Qf6+ Bf5 28. Bd6+ Kf3 29. Bg2+ 1-0

[Event "Kronborg Chess Open 2023 Master1"]
[Site "Helsingor"]
[Date "2023.05.20"]
[Round "5"]
[White "Liu, Zhaoqi"]
[Black "Skytte, Rasmus"]
[Result "1/2-1/2"]
[WhiteElo "2347"]
[BlackElo "2356"]
[PlyCount "32"]
[EventDate "2023.05.18"]
[EventType "tourn"]
[EventRounds "7"]
[EventCountry "DEN"]
[SourceTitle "Turneringssystemet"]

1. c4 e5 2. Nc3 Nc6 3. Nf3 Nf6 4. e4 Bb4 5. d3 d6 6. a3 Bc5 7. b4 Bb6 8. Na4
Bg4 9. Be2 Bxf3 10. Bxf3 Bd4 11. Rb1 a6 12. Qd2 Ba7 13. O-O Nd4 14. Bd1 b5 15.
Nc3 c6 16. Kh1 O-O 1/2-1/2

[Event "Kronborg Chess Open 2023 Master1"]
[Site "Helsingor"]
[Date "2023.05.20"]
[Round "5"]
[White "Nilsson, Patrik"]
[Black "Larsen, Ole Bogh"]
[Result "1/2-1/2"]
[WhiteElo "2191"]
[BlackElo "2205"]
[PlyCount "153"]
[EventDate "2023.05.18"]
[EventType "tourn"]
[EventRounds "7"]
[EventCountry "DEN"]
[SourceTitle "Turneringssystemet"]

1. d4 Nf6 2. Bf4 d5 3. e3 c5 4. c3 Qb6 5. Qb3 c4 6. Qc2 Nc6 7. Nd2 e6 8. e4 Be7
9. exd5 exd5 10. b3 Nxd4 11. Qd1 Qe6+ 12. Ne2 Nc6 13. bxc4 O-O 14. g3 d4 15.
cxd4 Nxd4 16. Be3 Rd8 17. Nxd4 Rxd4 18. Be2 Rd8 19. O-O Bd7 20. Bf3 Bc6 21.
Bxc6 bxc6 22. Qf3 Rd3 23. Rfe1 Bb4 24. Re2 Rad8 25. Nf1 Ne4 26. Qg2 Nc3 27. Rc2
Qxc4 28. Bxa7 Rd1 29. Rxd1 Rxd1 30. f3 Qd3 31. Rb2 c5 32. Qf2 f5 33. Kg2 Nd5
34. Qe2 Qxe2+ 35. Rxe2 f4 36. Kf2 Ra1 37. gxf4 Nxf4 38. Rc2 Nd3+ 39. Ke2 Nc1+
40. Ke3 Nxa2 41. Ng3 Nc3 42. Bb8 Nd5+ 43. Ke4 Nf6+ 44. Kf5 Ra3 45. f4 Kf7 46.
Be5 Nd5 47. Ke4 Ne3 48. Re2 Ng4 49. Bd6 Nf6+ 50. Kf5 Ra7 51. Be5 g6+ 52. Kg5
Ng8 53. Ne4 h6+ 54. Kg4 c4 55. Rc2 h5+ 56. Kf3 Ra3+ 57. Kg2 c3 58. Nxc3 Bxc3
59. Rxc3 Ra7 60. Rc6 Rd7 61. Kf3 Rb7 62. Ke4 Ne7 63. Rf6+ Ke8 64. Re6 Kd7 65.
Rd6+ Ke8 66. Re6 Kf7 67. Rf6+ Kg8 68. Bd6 Kg7 69. Be5 Rb4+ 70. Kd3 Kg8 71. Bd6
Rb3+ 72. Kc4 Re3 73. Bxe7 Rxe7 74. Rxg6+ Kh7 75. Rg5 Re4+ 76. Kd3 Rxf4 77.
Rxh5+ 1/2-1/2

[Event "Kronborg Chess Open 2023 Master1"]
[Site "Helsingor"]
[Date "2023.05.20"]
[Round "5"]
[White "Bergsson, Stefan"]
[Black "Ostensen, Nicolai Maxime"]
[Result "1/2-1/2"]
[WhiteElo "2186"]
[BlackElo "2215"]
[PlyCount "118"]
[EventDate "2023.05.18"]
[EventType "tourn"]
[EventRounds "7"]
[EventCountry "DEN"]
[SourceTitle "Turneringssystemet"]

1. d4 Nf6 2. c4 d6 3. Nf3 Nbd7 4. Nc3 e5 5. e4 g6 6. Be2 Bg7 7. Be3 O-O 8. O-O
c6 9. d5 c5 10. Ne1 Ne8 11. g4 a6 12. Kh1 Nc7 13. Rg1 Rb8 14. a4 b6 15. Qd2 Re8
16. Rg3 Nf8 17. Nd3 b5 18. axb5 axb5 19. cxb5 Nxb5 20. Nxb5 Rxb5 21. b4 c4 22.
Nb2 f5 23. gxf5 gxf5 24. Ra7 Rb7 25. Rxb7 Bxb7 26. Bh6 Ng6 27. exf5 c3 28. Rxc3
Bxh6 29. Qxh6 Qh4 30. Qxh4 Nxh4 31. Rg3+ Kf8 32. Bc4 Rc8 33. Rd3 Kf7 34. Kg1 e4
35. Rh3 Nf3+ 36. Kg2 Kf6 37. Rg3 h5 38. Bb5 Rc1 39. Nc4 Nh4+ 40. Kh3 Nxf5 41.
Ra3 Bxd5 42. Nb6 Be6 43. Bd7 Rb1 44. b5 Bxd7 45. Nxd7+ Ke7 46. Ra7 Rb3+ 47. Kg2
Nh4+ 48. Kf1 Rxb5 49. Nc5+ Kf6 50. Nxe4+ Ke5 51. Ng3 d5 52. Re7+ Kd4 53. Nxh5
Kc3 54. Re3+ Kc4 55. Nf4 d4 56. Re8 Rb1+ 57. Re1 Rb3 58. Rc1+ Rc3 59. Ne2 Rxc1+
1/2-1/2

[Event "Kronborg Chess Open 2023 Master1"]
[Site "Helsingor"]
[Date "2023.05.20"]
[Round "5"]
[White "Thorsbro, Peter"]
[Black "Svendsen, Mads O"]
[Result "1-0"]
[WhiteElo "2165"]
[BlackElo "2102"]
[PlyCount "79"]
[EventDate "2023.05.18"]
[EventType "tourn"]
[EventRounds "7"]
[EventCountry "DEN"]
[SourceTitle "Turneringssystemet"]

1. d4 Nf6 2. g3 g6 3. Bg2 Bg7 4. e4 d6 5. c4 O-O 6. Nc3 c5 7. d5 a6 8. a4 b6 9.
Nf3 Nbd7 10. O-O Rb8 11. Re1 Ng4 12. Qe2 Nge5 13. Nd2 f6 14. f4 Nf7 15. h4 Re8
16. h5 Nf8 17. hxg6 hxg6 18. b3 e5 19. f5 gxf5 20. exf5 Bxf5 21. Rf1 Nh6 22.
Nde4 Bg4 23. Qc2 Nf5 24. Qd3 Nd4 25. Ra2 Nxb3 26. Be3 Nd4 27. Raf2 Nh7 28.
Nxf6+ Nxf6 29. Rxf6 Bxf6 30. Qg6+ Bg7 31. Be4 Bf5 32. Bxf5 Nxf5 33. Rxf5 Qd7
34. Ne4 Rf8 35. Rh5 Rf3 36. Ng5 Rxg3+ 37. Kh2 Rxg5 38. Qh7+ Kf8 39. Rxg5 Qe7
40. Rxg7 1-0

[Event "Kronborg Chess Open 2023 Master1"]
[Site "Helsingor"]
[Date "2023.05.20"]
[Round "6"]
[White "Skytte, Rasmus"]
[Black "Thorsbro, Peter"]
[Result "0-1"]
[WhiteElo "2356"]
[BlackElo "2165"]
[PlyCount "146"]
[EventDate "2023.05.18"]
[EventType "tourn"]
[EventRounds "7"]
[EventCountry "DEN"]
[SourceTitle "Turneringssystemet"]

1. e4 e5 2. Nf3 Nc6 3. Bc4 Nf6 4. Ng5 d5 5. exd5 Na5 6. Bb5+ c6 7. dxc6 bxc6 8.
Bd3 Bd6 9. Nc3 O-O 10. O-O Bc7 11. Re1 Ng4 12. Nf3 f5 13. h3 e4 14. Nxe4 fxe4
15. Bxe4 Nxf2 16. Kxf2 Qd4+ 17. Re3 Bb6 18. d3 Qf6 19. Kg1 Bxe3+ 20. Bxe3 Bf5
21. Bd4 Qd6 22. Bc3 Nb7 23. Bxf5 Rxf5 24. Qe2 Raf8 25. Re1 Nc5 26. d4 Nd7 27.
Qe6+ Qxe6 28. Rxe6 Rc8 29. Re7 Rf7 30. Re1 Nf6 31. Bb4 Rb7 32. Ba3 Nd5 33. c4
Nb6 34. b3 a5 35. Re6 a4 36. Ne5 axb3 37. axb3 Nd7 38. Nxc6 Rxb3 39. d5 Ra8 40.
Bd6 Rc3 41. Ne5 Nf6 42. Be7 Nh5 43. Bg5 h6 44. Bxh6 gxh6 45. Rxh6 Nf4 46. Rh4
Ra1+ 47. Kh2 Nd3 48. Rg4+ Kf8 49. Rg3 Nf2 50. Rxc3 Rh1+ 51. Kg3 Ne4+ 52. Kf4
Nxc3 53. d6 Rd1 54. c5 Rd5 55. d7 Ke7 56. c6 Nb5 57. h4 Nc7 58. h5 Ne6+ 59. Ke4
Kd6 60. Ng6 Rxh5 61. Nf8 Nd8 62. g4 Re5+ 63. Kf4 Nxc6 64. g5 Re1 65. Nh7 Kxd7
66. Kf5 Ke7 67. Kg6 Ne5+ 68. Kh6 Nf7+ 69. Kg7 Rg1 70. g6 Ne5 71. Nf8 Rg2 72.
Kh8 Kxf8 73. g7+ Kf7 0-1

[Event "Kronborg Chess Open 2023 Master1"]
[Site "Helsingor"]
[Date "2023.05.20"]
[Round "6"]
[White "Larsen, Ole Bogh"]
[Black "Liu, Zhaoqi"]
[Result "1-0"]
[WhiteElo "2205"]
[BlackElo "2347"]
[PlyCount "91"]
[EventDate "2023.05.18"]
[EventType "tourn"]
[EventRounds "7"]
[EventCountry "DEN"]
[SourceTitle "Turneringssystemet"]

1. e4 e6 2. d4 d5 3. e5 c5 4. c3 Nc6 5. Nf3 Bd7 6. Be2 Nge7 7. O-O Ng6 8. a3 a5
9. b3 Be7 10. a4 O-O 11. Na3 Qb6 12. Nb5 Na7 13. Nxa7 Qxa7 14. Bd3 Rab8 15. Qe2
Qb6 16. Bd2 cxd4 17. cxd4 Bb4 18. Be3 Rbc8 19. h4 h6 20. Rfc1 Ne7 21. g4 Rxc1+
22. Rxc1 Rc8 23. Rxc8+ Nxc8 24. Bb1 Bf8 25. Qc2 g6 26. h5 Ne7 27. g5 hxg5 28.
hxg6 fxg6 29. Bxg5 Nf5 30. Qd1 Be8 31. Bf6 Bh6 32. Kg2 Qc7 33. Qh1 Qh7 34. Qh3
b5 35. axb5 Bxb5 36. Bg5 Kg7 37. Bd8 a4 38. bxa4 Bxa4 39. Bxf5 gxf5 40. Bf6+
Kf8 41. Ng5 Qg6 42. Qa3+ Kg8 43. Qxa4 Qh5 44. Qa8+ Bf8 45. f3 Qg6 46. Qc8 1-0